000 01162nam a2200217Ia 4500
003 Ost
005 20260507075025.0
008 260507s9999||||xx |||||||||||||| ||und||
040 _cfsecg
041 _aara
082 _a330
100 _aعبد الحميد، عبد المطلب
_eمؤلف
245 0 _aالعولمة وإقتصاديات البنوك /
_c عبد المطلب عبد الحميد
260 _aالإسكندرية:
_bالدار الجامعية,
_c2001
300 _a299 صفحة؛
_bإيضاحات ؛
_c24 سم
520 _aالعولمة وأثارها الإقتصادية على الجهاز المصرفي- البنوك الشاملة وإداراتها- كفاية رأس المال والتكيف مع المقررات لجنة بازل- البنوك وتحرير تجارة الخدمات المصرفية- الإندماج المصرفي وأبعاده- خصخصة البنوك- البنوك وغسيل الأموال في ظل العولمة- البنوك وأزمات سعر الصرف في ظل العولمة
653 _aإقتصاديات
653 _aالبنوك
653 _aالعولمة
942 _cكتاب
999 _c42323
_d42323